| 000 | 00501nam a2200181Ia 4500 | ||
|---|---|---|---|
| 999 |
_c7821 _d7821 |
||
| 020 | _a9780415597777 | ||
| 082 | _a320.954 RET- | ||
| 245 | 0 | _aRethinking state politics in India: regions within regions | |
| 260 |
_aNew Delhi _bRoutledge _c2011 |
||
| 300 | _axiv, 501 | ||
| 504 | _aincludes index | ||
| 650 |
_aLaw and politics _zIndia |
||
| 650 |
_aIndia _vPolitics and Government |
||
| 650 |
_aDemocracy _zIndia |
||
| 650 |
_aRegional Disparities _zIndia |
||
| 700 | _aKumar, Ashutosh | ||
| 942 | _cBK | ||